| 000 | 00700nam a22002057a 4500 | ||
|---|---|---|---|
| 005 | 20150116140246.0 | ||
| 008 | 150116b ck || |r|||| 00| 0 spa d | ||
| 040 |
_aCO-BoIAVH _cCO-BoIAVH |
||
| 041 | _aspa | ||
| 044 | _ack | ||
| 090 |
_aEA _b00275 |
||
| 245 | _aManejo Integral de Plaguicidas | ||
| 260 |
_a[Sin lugar de publicación] _bCorporación Autónoma Regional de Caldas-CORPOCALDAS, _c[Sin fecha de publicación] |
||
| 300 |
_a36 pag _bFot, il. _c24 cm. |
||
| 504 | _aIncluye referencias bibliográficas (pag 35) | ||
| 650 |
_aPlaguicidas _vGuías _x Aplicación _931706 |
||
| 650 |
_aPlaguicidas _vGuías _931707 |
||
| 650 |
_aPlaguicidas _xAspectos Ambientales _931708 |
||
| 942 |
_2z _cLIBRO |
||
| 999 |
_c9008 _d9008 |
||